Biblioteca

Depresión espiritual (Registro nro. 39188)

Detalles MARC
000 -LÍDER
Campo fijo de descripción fija 01516aam a2200337 i 4500
001 - NÚMERO DE CONTROL
Campo de control 768714001
003 - IDENTIFICADOR DEL NÚMERO DE CONTROL
Campo de control CO-MdFUSB
005 - FECHA Y HORA DE LA ULTIMA TRANSACCIÓN
control field 20190202100151.0
008 - ELEMENTOS DE LONGITUD FIJA -- INFORMACIÓN GENERAL
Campo fijo de descripción fija -- Información general 180823t2004 xxu||||| |||| 00| 0 spa d
020 ## - NÚMERO INTERNACIONAL NORMALIZADO PARA LIBROS
Número Internacional Normalizado del libro 0-939125-61-7
040 ## - FUENTE DE CATALOGACIÓN
Agencia de catalogación original CO-MdFUSB
Idioma de catalogación spa
Agencia que realiza la transcripción CO-MdFUSB
Agencia que realiza la modificación CO-MdFUSBC
Convenciones de la descripción rda
041 0# - CÓDIGO DE IDIOMA
Código de idioma para texto/pista de sonido o título separado spa
Código de idioma original eng
082 04 - NÚMERO DE CLASIFICACIÓN DECIMAL DEWEY
Número de clasificación 253.56
Número de la edición del Dewey 21
Clave de autor-Numero de item L7931d
100 1# - ASIENTO PRINCIPAL--NOMBRE PERSONAL
Nombre personal Lloyd-Jones, Martyn
Término relacionador autor
240 ## - TITULO UNIFORME
Título uniforme <a href="Spiritual depressions : Its causes and its cure">Spiritual depressions : Its causes and its cure</a>
245 10 - TÍTULO
Título del Material Depresión espiritual
Parte restante del título - Subtitulo : Sus causas y su cura
Mención de responsabilidad, etc. / D. Martyn Lloyd-Jones
250 ## - MENCIÓN DE EDICIÓN
Mención de edición 3
264 #1 - PRODUCCIÓN, PUBLICACIÓN, DISTRIBUCIÓN, MANUFACTURA, Y COPYRIGHT
Lugar de producción, publicación, distribución, manufactura Grand Rapds, MI., USA :
Nombre del productor, publicador, distribuidor Desafío,
Fecha de producción, publicación, distribución, manufactura, o copyright [2004]
264 #4 - PRODUCCIÓN, PUBLICACIÓN, DISTRIBUCIÓN, MANUFACTURA, Y COPYRIGHT
Fecha de producción, publicación, distribución, manufactura, o copyright ©2004
300 ## - DESCRIPCIÓN FÍSICA
Extensión 403 Páginas.
Dimensiones ; 23 cm
336 ## - TIPO DE CONTENIDO
Término de tipo de contenido texto
Código de tipo de contenido txt
Fuente rdacontent
337 ## - TIPO DE MEDIO
Fuente rdamedia
Nombre del tipo de medio sin mediación
Código del tipo de medio n
338 ## - TIPO DE SOPORTE
Fuente rdacarrier
Nombre del tipo de soporte volumen
Código Tipo de soporte nc
504 ## - NOTA DE BIBLIOGRAFÍA, ETC.
Nota de bibliografía, etc incluye índice.
505 ## - NOTA DE CONTENIDO
Nota de contenido con formato preestablecido El verdadero fundamento. -- Parecen árboles que caminan. -- Mente, corazón y voluntad. -- Ese pecado. -- Vanos remordimientos. -- El temor al futuro. -- Los sentimientos. -- Los obreros del viñedo. -- ¿Dónde está la fe de ustedes? -- Puestos los ojos en Jesús. -- El espíritu esclavizante. -- La falsa enseñanza. -- Cansados de hacer el bien. -- Disciplina. -- Pruebas. -- El castigo. -- En el gimnasio de Dios. -- La paz de Dios. -- Aprendiendo a estar satisfecho. --- El remedio final.
563 ## - NOTA DE ENCUADERNACIÓN
Nota de encuadernación Rústico.
650 #7 - ASIENTO SECUNDARIO DE MATERIA - TERMINO TEMÁTICO
9 (RLIN) 283
Término temático o nombre geográfico como elemento de entrada Sermones
650 #0 - ASIENTO SECUNDARIO DE MATERIA - TERMINO TEMÁTICO
9 (RLIN) 19
Término temático o nombre geográfico como elemento de entrada Vida cristiana
Subdivisión de forma Sermones.
650 #0 - ASIENTO SECUNDARIO DE MATERIA - TERMINO TEMÁTICO
Término temático o nombre geográfico como elemento de entrada Vida espiritual
Subdivisión de forma Sermones.
9 (RLIN) 51
942 ## - TIPO DE MATERIAL (KOHA)
Tipo de Item KOHA Libros General
Existencias
Estado de Material Estado de Perdido Forma de Clasificación Estado de Dañado No para Préstamo Colección Tomo Biblioteca de Origen Biblioteca Permanente Fecha de Adquisición Total de Préstamos Signatura Topográfica Código de Barras Última vez visto Última vez Préstado Ejemplar/Existencia Fecha de Remplazo Tipo de Material Forma de Adquisición Total de Renovaciones
    Dewey Decimal Classification     Colección General   Biblioteca FUSBC Biblioteca FUSBC 18/01/2005 1 G 253.56 L793d 5168 08/11/2023 24/01/2023 Ej. 1 26/01/2016 Libros General    
    Dewey Decimal Classification     Colección General   Biblioteca FUSBC Biblioteca FUSBC 23/08/2018 6 G 253.56 L793d 5217 24/09/2024 28/08/2024 Ej. 2 26/01/2016 Libros General Donación TNB 1

Biblioteca FUSBC | Teléfono: (57+4) 349 88 10 Ext. 141| WhatsApp (+57) 3005338115 
E-mail: biblioteca@unisbc.edu.co | Calle 76 87-14 Robledo Palenque, Medellín, Colombia

Con tecnología Koha